| 000 | 00408 a2200157 4500 | ||
|---|---|---|---|
| 005 | 20250627114035.0 | ||
| 020 | _a0-070231637-3 | ||
| 082 | _a657 MEI | ||
| 100 | _aMEIGS, R. F. | ||
| 245 | _aFinancial Accounting. | ||
| 250 | _a10th Ed. | ||
| 260 |
_aNew York, _bMc Graw-Hill Irwin, _c2001. |
||
| 300 |
_axxiv, 712p.: ill.; figure, picture table _bIndex _c28cm |
||
| 700 | _aWilliam, J. R. | ||
| 942 |
_2ddc _cBKS |
||
| 999 |
_c5602 _d5602 |
||